Gods, guns and missionaries (Record no. 114559)

MARC details
000 -LEADER
fixed length control field 00564 a2200169 4500
005 - DATE AND TIME OF LATEST TRANSACTION
control field 20251217124824.0
008 - FIXED-LENGTH DATA ELEMENTS--GENERAL INFORMATION
fixed length control field 251110b |||||||| |||| 00| 0 eng d
020 ## - INTERNATIONAL STANDARD BOOK NUMBER
International Standard Book Number 9780670093656
080 ## - UNIVERSAL DECIMAL CLASSIFICATION NUMBER
Universal Decimal Classification number 294.51
Item number MAN/G
100 ## - MAIN ENTRY--PERSONAL NAME
Personal name Manu S Pillai.
245 ## - TITLE STATEMENT
Title Gods, guns and missionaries
Remainder of title : The making of the modern Hindu identity
260 ## - PUBLICATION, DISTRIBUTION, ETC. (IMPRINT)
Name of publisher, distributor, etc Penguin books
Place of publication, distribution, etc Haryana
Date of publication, distribution, etc 2024
300 ## - PHYSICAL DESCRIPTION
Extent 564p.
653 ## - INDEX TERM--UNCONTROLLED
Uncontrolled term Hinduism - Modern identity - Colonial influence - Missionaries
653 ## - INDEX TERM--UNCONTROLLED
Uncontrolled term Religion and politics - Cultural transformation - Indian society
942 ## - ADDED ENTRY ELEMENTS (KOHA)
item type Books
Holdings
Lost status Source of classification or shelving scheme Not for loan Home library Current library Date acquired Cost, normal purchase price Total Checkouts Full call number Barcode Date last seen Date checked out Cost, replacement price Price effective from Koha item type
  Universal Decimal Classification   University Library University Library 04/03/2025 799.20 1 294.51 MAN/G 00096949 23/04/2026 08/01/2026 999.00 04/03/2025 Books
University Library, CUSAT